Reklama na potraviny a doplňky stravy
Platnosť nariadenia Európskeho parlamentu a Rady ES č. 1924/2006, ktoré komplexne upravuje tvrdenia o blahodarnom pôsobení potravín na naše zdravie. Čoho je potrebné sa vyvarovať pri týchto reklamných tvrdeniach. Čo je nutné splniť. Zoznamy povolených tvrdení. Povinné údaje pri zdravotných tvrdeniac...
Saved in:
| Main Author: | |
|---|---|
| Format: | Book Chapter |
| Language: | Czech |
| Subjects: | |
| Tags: |
No Tags, Be the first to tag this record!
|
MARC
| LEADER | 00000naa$a2200000$$$4500 | ||
|---|---|---|---|
| 001 | 0070286 | ||
| 005 | 20231019093121.3 | ||
| 041 | 0 | |a cze | |
| 044 | |a CZ | ||
| 245 | 1 | 0 | |a Reklama na potraviny a doplňky stravy |c Dagmar Bicková |
| 520 | |a Platnosť nariadenia Európskeho parlamentu a Rady ES č. 1924/2006, ktoré komplexne upravuje tvrdenia o blahodarnom pôsobení potravín na naše zdravie. Čoho je potrebné sa vyvarovať pri týchto reklamných tvrdeniach. Čo je nutné splniť. Zoznamy povolených tvrdení. Povinné údaje pri zdravotných tvrdeniach. Uvádzanie všeobecných tvrdení je zakázané. Tvrdenie s vyššou ochranou. | ||
| 610 | 2 | 0 | |a reklama |
| 610 | 2 | 0 | |a propagácia |
| 610 | 2 | 0 | |a potraviny |
| 610 | 2 | 0 | |a zdravie |
| 610 | 2 | 0 | |a predpisy právne |
| 610 | 2 | 0 | |a regulácia |
| 610 | 2 | 0 | |a Európska únia |
| 100 | 1 | |a Bicková, Dagmar | |